[Event "Tenerife-ch"]
[Site "Santa Cruz"]
[Date "2021.05.28"]
[Round "4"]
[White "Garcia Lorenzo, Jaime"]
[Black "Perez Garcia, Jimena"]
[Result "0-1"]
[WhiteElo "1211"]
[BlackElo "1829"]
[PlyCount "60"]
[EventDate "2021.05.21"]
[EventType "swiss"]
[EventRounds "7"]
[EventCountry "ESP"]
[SourceTitle "CBM 203 Extra"]
[Source "ChessBase"]
[SourceDate "2021.09.30"]
[SourceVersion "1"]
[SourceVersionDate "2021.09.30"]
[SourceQuality "1"]

1. d4 Nf6 2. Nf3 g6 3. e3 Bg7 4. b3 0-0 5. Be2 d6 6. 0-0 Nbd7 7. Bb2 Re8 8. Re1 e5 9. dxe5 Ng4 10. Qc1 Ngxe5 11. c4 Nxf3+ 12. Bxf3 Ne5 13. Be2 Qh4 14. Nd2 Bg4 15. g3 Qh5 16. Bf1 Rad8 17. Bxe5 dxe5 18. Rb1 e4 19. Bg2 f5 20. b4 Rd3 21. Rb3 Red8 22. Rxd3 Rxd3 23. Nb3 Bc3 24. Nc5 Bxe1 25. Nxd3 exd3 26. Qxe1 Bf3 27. Qd2 Be4 28. a4 Qe2 29. Qc3 Qd1+ 30. Bf1 Qf3 0-1

[Event "Almunecar FEDC op 23th"]
[Site "Almunecar"]
[Date "2019.09.30"]
[Round "3"]
[White "Balmiza Jimenez, Francisco"]
[Black "Garcia Lorenzo, Jaime"]
[Result "1-0"]
[WhiteElo "1635"]
[BlackElo "1299"]
[PlyCount "92"]
[EventDate "2019.09.28"]
[EventType "swiss"]
[EventRounds "7"]
[EventCountry "ESP"]
[SourceTitle "EXT 2024"]
[Source "ChessBase"]
[SourceDate "2023.10.10"]
[SourceVersion "1"]
[SourceVersionDate "2023.10.10"]
[SourceQuality "1"]

1. d4 d5 2. Nf3 Nf6 3. Bf4 e6 4. e3 c5 5. c3 Bd6 6. Bxd6 Qxd6 7. Bd3 Nc6 8. 0-0 0-0 9. Nbd2 Re8 10. Rc1 e5 11. dxe5 Nxe5 12. Nxe5 Qxe5 13. Nf3 Qd6 14. h3 b6 15. c4 Bb7 16. cxd5 Bxd5 17. b3 Rad8 18. Be2 Qb8 19. Qc2 Be4 20. Qb2 Bd3 21. Rfd1 Bxe2 22. Qxe2 h6 23. Rc3 Nd5 24. Rcd3 Nb4 25. R3d2 a6 26. a3 Nd5 27. Rxd5 Rxd5 28. Rxd5 Qb7 29. Qd2 Qe7 30. Rd7 Qe4 31. Qd5 Qxd5 32. Rxd5 f6 33. Kf1 Kf7 34. Rd7+ Re7 35. Rxe7+ Kxe7 36. Ke2 Kd6 37. Kd3 Kc6 38. Nh4 Kd5 39. Nf5 b5 40. Nxg7 a5 41. Nf5 h5 42. Ng3 h4 43. Nf5 c4+ 44. bxc4+ bxc4+ 45. Kc3 Ke4 46. Nxh4 Kd5 1-0

[Event "Almunecar FEDC op 23th"]
[Site "Almunecar"]
[Date "2019.09.28"]
[Round "1"]
[White "Pichel Jallas, Juan Jose"]
[Black "Garcia Lorenzo, Jaime"]
[Result "1-0"]
[WhiteElo "1679"]
[BlackElo "1299"]
[PlyCount "65"]
[EventDate "2019.09.28"]
[EventType "swiss"]
[EventRounds "7"]
[EventCountry "ESP"]
[SourceTitle "EXT 2024"]
[Source "ChessBase"]
[SourceDate "2023.10.10"]
[SourceVersion "1"]
[SourceVersionDate "2023.10.10"]
[SourceQuality "1"]

1. d4 d5 2. c4 c6 3. Nc3 Nf6 4. Nf3 e6 5. Bg5 Be7 6. e3 Nbd7 7. Bd3 Qb6 8. a3 0-0 9. 0-0 c5 10. Qc2 Qc7 11. cxd5 cxd4 12. Nxd4 Nc5 13. dxe6 Nxd3 14. exf7+ Rxf7 15. Qxd3 Ng4 16. Bf4 Bd6 17. Ncb5 Qd7 18. Nxd6 Rxf4 19. exf4 Qxd6 20. Qc4+ Kh8 21. Rfe1 Bd7 22. Nf3 b5 23. Qd4 Qc7 24. Re7 Nf6 25. Ne5 Rd8 26. Nf7+ Kg8 27. Nxd8 Qxd8 28. Rae1 Kf8 29. Qd6 Kg8 30. Rd1 h6 31. Rxd7 Nxd7 32. Qxd7 Qf6 33. Qd8+ 1-0

[Event "Tenerife-ch Seniors"]
[Site "Santa Cruz"]
[Date "2019.02.06"]
[Round "2"]
[White "Garcia Lorenzo, Jaime"]
[Black "Redondo Terron, Eva"]
[Result "1-0"]
[WhiteElo "1297"]
[BlackElo "1044"]
[PlyCount "45"]
[EventDate "2019.02.01"]
[EventType "swiss"]
[EventRounds "7"]
[EventCountry "ESP"]
[SourceTitle "EXT 2024"]
[Source "ChessBase"]
[SourceDate "2023.10.10"]
[SourceVersion "1"]
[SourceVersionDate "2023.10.10"]
[SourceQuality "1"]

1. d4 e6 2. Nf3 f6 3. e3 Bb4+ 4. c3 Ba5 5. Bd3 c6 6. Nbd2 Ne7 7. b4 Bc7 8. Bb2 d5 9. 0-0 0-0 10. e4 e5 11. c4 dxe4 12. Nxe4 Bg4 13. h3 Bxf3 14. Qxf3 exd4 15. Qh5 Ng6 16. Rae1 f5 17. Ng5 h6 18. Ne6 Qd6 19. g3 Rf6 20. Nxc7 Qxc7 21. Bxd4 Rd6 22. Re8+ Nf8 23. Qxf5 1-0

[Event "Tenerife-chT Segunda 1617"]
[Site "Tenerife"]
[Date "2017.04.22"]
[Round "12.4"]
[White "Garcia Lorenzo, Jaime"]
[Black "Mamani Beltran, Deniman"]
[Result "1/2-1/2"]
[WhiteElo "1199"]
[BlackElo "1119"]
[PlyCount "158"]
[EventDate "2016.12.10"]
[EventType "team-tourn"]
[EventRounds "15"]
[EventCountry "ESP"]
[SourceTitle "EXT 2018"]
[Source "ChessBase"]
[SourceDate "2017.10.13"]
[SourceVersion "1"]
[SourceVersionDate "2017.10.13"]
[SourceQuality "1"]
[WhiteTeam "Circulo de Amistad III"]
[BlackTeam "Cajacanarias II"]
[WhiteTeamCountry "ESP"]
[BlackTeamCountry "ESP"]

1. c4 e5 2. Nc3 Nf6 3. g3 d5 4. Bg2 Be6 5. cxd5 Nxd5 6. Nf3 Nc6 7. 0-0 Be7 8. d4 Nxc3 9. bxc3 exd4 10. Nxd4 Nxd4 11. cxd4 Bf6 12. Bb2 0-0 13. Rb1 Bxa2 14. Rc1 c6 15. Re1 Qb6 16. Qd2 Rad8 17. e3 Qc7 18. Ba3 Be6 19. Bxf8 Rxf8 20. d5 Rd8 21. Qa2 Bd7 22. Qxa7 Rc8 23. dxc6 bxc6 24. Qxc7 Rxc7 25. Rc2 Be7 26. Rec1 c5 27. f4 g5 28. fxg5 Bxg5 29. Kf2 Be7 30. Rb2 Bc6 31. Rb8+ Kg7 32. Bh3 Bd7 33. Bg2 Bc6 34. Bxc6 Rxc6 35. Rc4 Rd6 36. h4 Rd2+ 37. Kf3 Bd6 38. Rg4+ Kh6 39. Rbg8 Rd1 40. Rd8 Rf1+ 41. Ke2 Rf6 42. Kd3 Be7 43. Rd5 Rg6 44. Rxg6+ hxg6 45. Re5 Bf8 46. g4 f6 47. g5+ fxg5 48. hxg5+ Kh5 49. Rd5 Be7 50. e4 Bxg5 51. Rxc5 Kg4 52. Rc6 Kh5 53. e5 Kh6 54. e6 Kg7 55. Rc7+ Kf8 56. Ke4 Bd8 57. Rh7 Be7 58. Rh8+ Kg7 59. Rh1 g5 60. Kf5 Bf6 61. Rd1 Be7 62. Rd7 Kf8 63. Rc7 Bd6 64. Rf7+ Ke8 65. Kxg5 Be7+ 66. Kg6 Ba3 67. Ra7 Be7 68. Kg7 Bd8 69. Kg6 Be7 70. Kf5 Bd8 71. Ke5 Bb6 72. Rd7 Ba5 73. Kd5 Bb4 74. Kc6 Bc3 75. Kc7 Ba5+ 76. Kc8 Bb6 77. Rd6 Bc5 78. Rd8+ Ke7 79. Rd5 Bd6 1/2-1/2

[Event "Tenerife-chT Segunda 1617"]
[Site "Tenerife"]
[Date "2017.02.18"]
[Round "7.4"]
[White "Garcia Lorenzo, Jaime"]
[Black "Cruz Hurtado, Guillermo Vidal"]
[Result "1-0"]
[WhiteElo "1199"]
[BlackElo "1150"]
[PlyCount "101"]
[EventDate "2016.12.10"]
[EventType "team-tourn"]
[EventRounds "15"]
[EventCountry "ESP"]
[SourceTitle "CBM 176 Extra"]
[Source "ChessBase"]
[SourceDate "2017.03.02"]
[SourceVersion "1"]
[SourceVersionDate "2017.03.02"]
[SourceQuality "1"]
[WhiteTeam "Circulo de Amistad III"]
[BlackTeam "Casa de Venezuela Ebano IV"]
[WhiteTeamCountry "ESP"]
[BlackTeamCountry "ESP"]

1. c4 Nf6 2. Nc3 g6 3. g3 Bg7 4. Bg2 d6 5. a3 0-0 6. b4 Nbd7 7. Nf3 e5 8. e4 Re8 9. 0-0 c6 10. Re1 Nb6 11. c5 dxc5 12. bxc5 Nbd7 13. d4 exd4 14. Nxd4 Nxc5 15. Rb1 Ng4 16. Be3 Nxe3 17. fxe3 Ne6 18. Nce2 Nc5 19. Qc2 Ne6 20. Rbd1 Nxd4 21. exd4 Bg4 22. Rd3 Bxe2 23. Rxe2 Bxd4+ 24. Kh1 Qb6 25. Rb3 Qc7 26. Rd2 Rad8 27. Rbd3 Bg7 28. Bh3 Rxd3 29. Qxd3 Rd8 30. Qxd8+ Qxd8 31. Rxd8+ Bf8 32. Rd7 Bxa3 33. Rxb7 a5 34. e5 Kf8 35. Rb3 Bb4 36. Rf3 Ke7 37. Bf1 Ke6 38. Re3 a4 39. Bc4+ Ke7 40. Ba2 f6 41. Re4 c5 42. Kg2 fxe5 43. Rxe5+ Kf6 44. Re6+ Kf5 45. Kf3 h5 46. h3 Kg5 47. Re5+ Kh6 48. Re6 Kg5 49. Bb1 Kh6 50. Rxg6+ Kh7 51. Ra6+ 1-0